[Event "GBR-ch AM op 106th"]
[Site "Torquay"]
[Date "2019.08.01"]
[Round "4"]
[White "Faldon, David J"]
[Black "Burton, Nick"]
[Result "1/2-1/2"]
[WhiteElo "1904"]
[BlackElo "1771"]
[PlyCount "34"]
[EventDate "2019.07.29"]
[EventType "swiss"]
[EventRounds "5"]
[EventCountry "ENG"]
[SourceTitle "EXT 2021"]
[Source "ChessBase"]
[SourceDate "2020.10.23"]
[SourceVersion "1"]
[SourceVersionDate "2020.10.23"]
[SourceQuality "1"]

1. d4 Nf6 2. Bg5 c5 3. Bxf6 gxf6 4. dxc5 Qa5+ 5. Qd2 Qxc5 6. e4 e6 7. Nc3 a6 8. Be2 Rg8 9. g3 b5 10. a3 Bb7 11. Bf3 Nc6 12. Bg2 d6 13. Nf3 Ne5 14. Nxe5 dxe5 15. 0-0 Rg6 16. Nd1 Be7 17. Ne3 Qd4 1/2-1/2

[Event "GBR-ch AM op 106th"]
[Site "Torquay"]
[Date "2019.07.30"]
[Round "2"]
[White "Wells, Jonathan C"]
[Black "Burton, Nick"]
[Result "1-0"]
[WhiteElo "2004"]
[BlackElo "1771"]
[PlyCount "67"]
[EventDate "2019.07.29"]
[EventType "swiss"]
[EventRounds "5"]
[EventCountry "ENG"]
[SourceTitle "EXT 2021"]
[Source "ChessBase"]
[SourceDate "2020.10.23"]
[SourceVersion "1"]
[SourceVersionDate "2020.10.23"]
[SourceQuality "1"]

1. d4 Nf6 2. c4 g6 3. g3 Bg7 4. Bg2 d6 5. Nc3 0-0 6. Nf3 Nc6 7. 0-0 a6 8. Re1 Rb8 9. a4 e5 10. d5 Nb4 11. e4 Nd7 12. Na2 Nxa2 13. Rxa2 a5 14. Bd2 Ra8 15. b4 axb4 16. Bxb4 h6 17. Nd2 f5 18. Qc2 Rf7 19. Nb3 Bf8 20. a5 Nc5 21. Nxc5 dxc5 22. Bc3 Bd6 23. exf5 Bxf5 24. Qd2 Qf6 25. Qxh6 Bd3 26. Bf1 Bxf1 27. Rxf1 Rh7 28. Qe3 Qf5 29. f3 Rf8 30. Qe4 Qh5 31. Qg4 Rff7 32. Qxh5 gxh5 33. Raf2 h4 34. Kg2 1-0

[Event "GBR-ch AM op 106th"]
[Site "Torquay"]
[Date "2019.07.29"]
[Round "1"]
[White "Burton, Nick"]
[Black "Staniland, Philip"]
[Result "1/2-1/2"]
[WhiteElo "1771"]
[BlackElo "1963"]
[PlyCount "44"]
[EventDate "2019.07.29"]
[EventType "swiss"]
[EventRounds "5"]
[EventCountry "ENG"]
[SourceTitle "EXT 2021"]
[Source "ChessBase"]
[SourceDate "2020.10.23"]
[SourceVersion "1"]
[SourceVersionDate "2020.10.23"]
[SourceQuality "1"]

1. e4 c5 2. Nf3 d6 3. d4 cxd4 4. Nxd4 Nf6 5. Nc3 a6 6. Be3 e6 7. f3 Be7 8. Qd2 Qc7 9. g4 b5 10. 0-0-0 Nc6 11. g5 Nd7 12. f4 Bb7 13. Bg2 Nc5 14. a3 0-0 15. h4 Rac8 16. h5 Nxd4 17. Bxd4 e5 18. Be3 exf4 19. Bxf4 Ne6 20. Bg3 Qd8 21. Bh3 a5 22. g6 b4 1/2-1/2

[Event "Monarch Assurance U175 15th"]
[Site "Port Erin"]
[Date "2006.09.26"]
[Round "2"]
[White "Smith, Paul S"]
[Black "Burton, Nick"]
[Result "1/2-1/2"]
[WhiteElo "1640"]
[BlackElo "1696"]
[PlyCount "58"]
[EventDate "2006.09.25"]
[EventType "swiss"]
[EventRounds "7"]
[EventCountry "IOM"]
[SourceTitle "EXT 2008"]
[Source "ChessBase"]
[SourceDate "2007.11.25"]
[SourceVersion "1"]
[SourceVersionDate "2007.11.25"]
[SourceQuality "1"]

1. d4 Nf6 2. c4 g6 3. Nc3 Bg7 4. e4 d6 5. f3 0-0 6. Be3 c5 7. d5 a6 8. Qd2 e6 9. Bd3 exd5 10. cxd5 b5 11. Rc1 Re8 12. Nge2 Nbd7 13. 0-0 Ne5 14. b3 Nxd3 15. Qxd3 Bd7 16. Nb1 b4 17. Nd2 Bb5 18. Nc4 Nd7 19. Qd2 Ne5 20. Rfd1 Bxc4 21. bxc4 a5 22. Rc2 a4 23. Rb2 Qa5 24. Nc1 Qa6 25. Qe2 Rab8 26. Nd3 Nxd3 27. Qxd3 Qb6 28. Re2 Rb7 29. Bc1 Bd4+ 1/2-1/2